01602cam a2200277 450000500170000000800410001702000320005802000350009002000350012505000230016024500290018325000110021226000750022330000260029850400280032450506070035265000650095965000650102470000480108970000320113770000330116970000340120270000270123670000350126370000260129820260204113144.0050809s2003 ag a 000 0 spa u a9505086229 (o.c. rústica) a9505086245 (t.1 v.1 rústica) a9505086350 (t.2 v.1 rústica)04aKHA4589 bT73 200300aTratado de tributación a1a ed. aBuenos Aires : bEditorial Astrea de Alfredo y Ricardo Depalma, c2003 a2 v. :bil. ;c23 cm. aIncluye bibliografías0 tT.1 Derecho tributario. V.1 Parte General, Derecho constitucional tributario, Derecho tributario sustantivo o material ; administrativo o formal ; procesal; penal; internacional ; comunitario r / director Horacio A. García Belsunce ; Autores Rubén O-. Asorey,...[et al] --tT.2 Política y economía tributaria. V.2 Sector público, Sistema tributario en general, Impuestos a la renta; al consumo; sobre la propiedad, Tributación medioambiental, Tasas y contribuciones, Aspectos internacionales, Administración tributaria r / director Vicente O. Díaz; Autores Alberto Baldo,...[et al] 72lembaDerecho tributarioxLeyes y legislación zArgentina  72lembaFinanzas Publicas xLeyes y legislación zArgentina 1 aGarcía Belsunce, Horacio A., edirector, 1 aAsorey, Rubén O., eautor1 aAtchabahian, Adolfo, eautor1 aBaistrocchi, Eduardo, eautor1 aBaldo, Alberto,eautor1 aBalzarotti, Guillermo,eautor1 aBara, Ricardo,eautor